Taylor Swift - Albums par durée - Statistiques

Statistiques générales
  • Ce quiz a été pris 261 fois
  • Le résultat moyen est 10 sur 11
Statistiques - réponses
Hint Réponse % Correct
53 min Taylor Swift
99%
55 min Reputation
96%
1h Evermore
95%
2h10 Red
94%
1h21 1989
93%
1h07 folklore
93%
2h02 The Tortured Poets Department
93%
1h46 Fearless
92%
1h01 Lover
92%
1h39 Midnights
92%
1h44 Speak Now
92%
Aucun quiz correspondant
Distribution des résultats
% des personnes avec chaque résultat
Percentile par nombre de réponses
Votre historique - résultats
Vous n’avez pas pris ce quiz